Game of Thrones - Love Stinks Quiz Stats

 Plays Quiz not verified by Sporcle

Score 0/9 Timer 05:00
1 Play Today
% Correct
Margaery
98.6%
Jorah
98.6%
Craster
98.2%
Petyr
98.2%
Lysa
98.2%
Tormund
98.2%
Sansa
97.9%
Brienne
97.9%
Robert
97.9%

You're not logged in!

Compare scores with friends on all Sporcle quizzes.
OR
Log In

Sporcle TV

Today on Sporcle TV


Watch our educational content, quiz creation guides, and fun videos on Sporcle TV.

Show Comments

Extras

Top Quizzes Today


Score Distribution

Your Account Isn't Verified!

In order to create a playlist on Sporcle, you need to verify the email address you used during registration. Go to your Sporcle Settings to finish the process.

Report this User

Report this user for behavior that violates our Community Guidelines.

Details: